Normal view
MARC view
Entry Personal Name
001 - CONTROL NUMBER
- control field: 9152
003 - CONTROL NUMBER IDENTIFIER
- control field: ARRUPE
005 - DATE AND TIME OF LATEST TRANSACTION
- control field: 20140319133423.0
008 - FIXED-LENGTH DATA ELEMENTS
- fixed length control field: 140319|| aca||aabn | a|a d
040 ## - CATALOGING SOURCE
- Original cataloging agency: ARRUPE
- Transcribing agency: ARRUPE
100 ## - HEADING--PERSONAL NAME
- Personal name: Grabmann, Martin Dr.
670 ## - SOURCE DATA FOUND
- Source citation: Work cat.: (ARRUPE): Grabmann, Martin Dr., Introduction to the Theological Summa of St. Thomas, 1930